The Namibian Labour Law Publication (Record no. 2819)

MARC details
000 -LEADER
fixed length control field 00447nam a22001577a 4500
005 - DATE AND TIME OF INPUT
control field 20240823065716.0
008 - DATA ELEMENTS--GENERAL INFORMATION
fixed length control field 240823b |||||||| |||| 00| 0 eng d
041 ## - LANGUAGE CODE
Language code of text English
082 ## - SHELF NUMBER
DDC number 349 NAM
100 ## - MAIN AUTHOR
Language of a work English
245 ## - TITLE STATEMENT
Title The Namibian Labour Law Publication
260 ## - PUBLICATION, DISTRIBUTION, ETC.
Place of publication, distribution, etc. Windhoek:
Name of publisher, distributor, etc. SDU Seminars CC,
Date of publication, distribution, etc. 1993
300 ## - PHYSICAL DESCRIPTION
Other physical details xv, 235 pages;
Dimensions 25 cm.
650 ## - SUBJECT`
Broad subject Legal practice
Own subject terms Law
942 ## - ADDED ENTRY ELEMENTS (KOHA)
Item type Books
942 ## - ADDED ENTRY ELEMENTS (KOHA)
-- ALISON_BN_VRIES
Holdings
Source of classification or shelving scheme Volume number (bound volume or other part) Not for loan Collection code Home library Current library Shelving location Date acquired Full call number Barcode Price effective from Koha item type
Dewey Decimal Classification Volume one   NAMIBIA LAW JOURNAL LAW SOCIETY OF NAMIBIA LIBRARY - WINDHOEK LAW SOCIETY OF NAMIBIA LIBRARY - WINDHOEK NAMIBIAN LAW REPORTS 08/23/2024 349 NAM LSN/2023/4088 08/23/2024 Books